Countries with capitals that start with S - Statistics

General Stats
  • This quiz has been taken 46 times
  • The average score is 10 of 13
Answers on the Grid
Answers color-coded by a green-red scale on the quiz's grid according to % correct below.
Sweden
Belgium
Morocco
Russia
Bolivia
Japan
Yemen
Fiji
Chile
Vietnam
Singapore
Slovakia
Greece
Grenada
El salvador
Panama
Italy
San marino
Maldives
Brazil
South korea
Laos
Sri lanka
Latvia
North macedonia
Sudan
Lesotho
Marshall islands
Kiribati
Venezuela
 
Answer Stats
Answer % Correct
Sweden
100%
Singapore
95%
Chile
90%
San marino
85%
South korea
85%
Sri lanka
83%
El salvador
80%
Bolivia
78%
Yemen
78%
North macedonia
68%
Fiji
65%
Grenada
53%
Kiribati
50%
No matching quizzes found
Score Distribution
Percent of People with Each Score
Percentile by Number Answered
Your Score History
You have not taken this quiz